Waitress in the Sky: Replacements Lyrics - Statistics

General Stats
  • This quiz has been taken 7 times
  • The average score is 130 of 143
Answer Stats
lyrics % Correct
a
100%
A
100%
ain't
100%
always
100%
and
100%
And
100%
ass,
100%
but
100%
champagne.
100%
class.
100%
don't
100%
Don't
100%
'em
100%
first
100%
fly,
100%
for
100%
get
100%
'I'm
100%
I'm
100%
in
100%
kiss
100%
me,
100%
me
100%
much
100%
my
100%
My
100%
my,
100%
no
100%
not
100%
nothin'
100%
outta
100%
own
100%
says
100%
She
100%
she
100%
sign
100%
sky.
100%
smoking.'
100%
sorry
100%
special
100%
'thank
100%
the
100%
they
100%
tie,
100%
tie
100%
to
100%
Treat
100%
treat
100%
up
100%
very
100%
waitress
100%
way
100%
wear
100%
you
100%
You
100%
you,
100%
you're
100%
aisle
75%
ball
75%
big
75%
bum,
75%
deal
75%
dear.
75%
engineer,
75%
garbage
75%
janitor,
75%
like
75%
maintenance
75%
man,
75%
on
75%
pants
75%
Sanitation
75%
she's
75%
strike.
75%
Struttin'
75%
'cause
50%
expert
50%
oh
50%
attendant,
25%
complain.
25%
fare,
25%
flight
25%
Paid
25%
real
25%
union
25%
wanna
25%
No matching quizzes found
Score Distribution
Percent of People with Each Score
Percentile by Number Answered
Your Score History
You have not taken this quiz